A farewell to all that (Record no. 75797)
[ view plain ]
| 000 -LEADER | |
|---|---|
| fixed length control field | 01730cab a2200229 4500 |
| 001 - CONTROL NUMBER | |
| control field | L130801 |
| 008 - FIXED-LENGTH DATA ELEMENTS--GENERAL INFORMATION | |
| fixed length control field | 050831n2005 000 0 eng u |
| 035 ## - SYSTEM CONTROL NUMBER | |
| System control number | (Sirsi) u130801 |
| 041 0# - LANGUAGE CODE | |
| Language code of text/sound track or separate title | eng |
| 100 ## - MAIN ENTRY--PERSONAL NAME | |
| Personal name | Cockram, Richard |
| 245 #2 - TITLE STATEMENT | |
| Title | A farewell to all that |
| 260 ## - PUBLICATION, DISTRIBUTION, ETC. | |
| Date of publication, distribution, etc. | 2005 |
| 490 ## - SERIES STATEMENT | |
| Series statement | Estates Gazette |
| Volume/sequential designation | (0534) 27 August 2005, 108-109(2) |
| 520 ## - SUMMARY, ETC. | |
| Summary, etc. | Advocates third-party rights as envisaged by the Contracts (Rights of Third Parties) Act 1999 as a more efficient and cheaper alternative to collateral warranties. The market appears to be warming to third-party rights and the imminent JCT contracts will be adopting an approach that give rights to funders, purchasers and tenants. Describes law practice Addleshaw Goddard's client documentation known as three in one that relies on the Act for the protection of all parties. Explains what Three in One means for its beneficiaries and goes through the mechanics of the documentation. Discusses the special considerations applying to the use of three in one in replacing subcontractors' appointments, the contracting parties' entitlement to vary or rescind the principal contract upon conferral of third-part rights and whether PII policies will cover claims pursuant to third-party rights. Appended is a positive assessment of third-party rights. |
| 590 ## - LOCAL NOTE (RLIN) | |
| Local note | IKA130905 |
| 650 ## - SUBJECT ADDED ENTRY--TOPICAL TERM | |
| Topical term or geographic name entry element | CONTRACTS (RIGHTS OF THIRD PARTIES) ACT 1999 |
| 650 ## - SUBJECT ADDED ENTRY--TOPICAL TERM | |
| Topical term or geographic name entry element | HOUSING GRANTS, CONSTRUCTION AND REGENERATION ACT 1996 |
| 690 ## - LOCAL SUBJECT ADDED ENTRY--TOPICAL TERM (OCLC, RLIN) | |
| Topical term or geographic name as entry element | BUILT ENVIRONMENT-BUILDING CONTRACT FORMS-CONSTRUCTION COLLATERAL WARRANTY FORMS |
| 700 ## - ADDED ENTRY--PERSONAL NAME | |
| Personal name | Parisotti, Melinda |
| 856 ## - ELECTRONIC LOCATION AND ACCESS | |
| Uniform Resource Identifier | <a href="https://www.opsi.gov.uk/acts/acts1999/19990031.htm">https://www.opsi.gov.uk/acts/acts1999/19990031.htm</a> |
| Public note | View the Act free of charge at www.opsi.gov.uk... |
| 942 ## - ADDED ENTRY ELEMENTS (KOHA) | |
| Suppress in OPAC | 0 |
| Withdrawn status | Lost status | Source of classification or shelving scheme | Damaged status | Not for loan | Home library | Current library | Shelving location | Date acquired | Total Checkouts | Full call number | Barcode | Date last seen | Copy number | Price effective from | Koha item type |
|---|---|---|---|---|---|---|---|---|---|---|---|---|---|---|---|
| Dewey Decimal Classification | London | London | Journal article | 31/08/2005 | L130801 | 130801-1001 | 06/08/2019 | 1 | 06/08/2019 | Journal article |